000 00475nam a2200181Ia 4500
001 4017
005 20260306145725.0
008 260306t2005||||xx |||||||||||||| ||spa||
041 _aESP
082 _a306.44
_bG56
100 _aGodenzzi, Juan Carlos, 1950-
_eAUT
245 0 _aEn las redes del lenguaje:
_bcognicion, discurso y sociedad en los andes
260 _c2005
300 _a257 páginas :
_c21 cm.
650 _aGEN
654 _aCHU
942 _cLIB
_dJUS
_fJUS
_2ddc
_n
999 _c4017
_d4017